Pays ou il y a le plus de Suédois - Statistiques

Statistiques générales
  • Ce quiz a été pris 216 fois
  • Le résultat moyen est 8 sur 9
Statistiques - réponses
Nombre Pays % Correct
8 000 000 Suède
98%
90 000 Norvège
97%
290 000 Finlande
94%
30 000 France
93%
4 325 000 États-Unis
92%
50 000 Allemagne
87%
100 000 Royaume-Uni
80%
341 845 Canada
77%
30 375 Australie
49%
Aucun quiz correspondant
Distribution des résultats
% des personnes avec chaque résultat
Percentile par nombre de réponses
Votre historique - résultats
Vous n’avez pas pris ce quiz